000 00522nam a2200181Ia 4500
999 _c29552
_d29552
003 OSt
005 20201228095941.0
008 190216s9999||||xx |||||||||||||| ||und||
020 _a9788130009865
040 _coclc
082 _a894.8129
_bPAR/O
100 _aParakadavu, P K
_95449
245 0 _aOrmmakal Mindipparayunnu /
_cP K Parakadavu
260 _bPoorna Publications,
_aKozhikode:
_c2009.
300 _a140p
650 _aOormakurip
942 _cBK
_2ddc
_h894.8129
_iPAR/O
_k894.8129
_mPAR/O